[Event "Titled Tuesday intern op 23rd Jan Late"]
[Site "Chess.com INT"]
[Date "2024.01.23"]
[Round "2"]
[White "Pichot, Alan"]
[Black "Suvorov, Alexander David"]
[Result "1-0"]
[WhiteElo "2644"]
[BlackElo "2334"]
[PlyCount "109"]
[EventDate "2024.01.23"]
[EventType "swiss (blitz)"]
[EventRounds "11"]
[EventCountry "USA"]
[SourceTitle "CB05_2024"]
[SourceDate "2024.01.31"]
[SourceVersion "1"]
[SourceVersionDate "2024.01.31"]
[SourceQuality "1"]

1. e4 c5 2. Nf3 d6 3. Bb5+ Bd7 4. Bxd7+ Qxd7 5. 0-0 Nc6 6. Qe2 g6 7. c3 Bg7 8. Rd1 e5 9. d3 Nge7 10. a3 0-0 11. b4 b6 12. Nbd2 f5 13. Nc4 h6 14. h3 Rad8 15. b5 Nb8 16. a4 g5 17. Ne3 Qe6 18. a5 Nd7 19. axb6 axb6 20. Qa2 d5 21. Nxd5 Nxd5 22. Qxd5 Qxd5 23. exd5 e4 24. dxe4 fxe4 25. Nd2 Bxc3 26. Ra6 Nf6 27. Nc4 Rxd5 28. Rxd5 Nxd5 29. Nxb6 Nb4 30. Ra3 Bd4 31. Be3 Nc2 32. Rb3 Rd8 33. Nc4 Bxe3 34. fxe3 Nb4 35. b6 Rd7 36. Ra3 Kf7 37. Ra7 Ke6 38. b7 Nc6 39. Ra6 Rxb7 40. Rxc6+ Kd5 41. Rb6 Ra7 42. Nd2 Ra2 43. Rb8 Rxd2 44. Rd8+ Kc4 45. Rxd2 Kc3 46. Rd8 c4 47. Kf2 Kb2 48. Ke2 c3 49. Rb8+ Kc1 50. Rc8 Kb2 51. g4 Kc2 52. Rc4 Kb3 53. Rxe4 c2 54. Kd2 Kb2 55. Rb4+ 1-0

[Event "Titled Tuesday intern op 25th Jul Late"]
[Site "Chess.com INT"]
[Date "2023.07.25"]
[Round "5"]
[White "Suvorov, Alexander David"]
[Black "Fajdetic, Hrvoje"]
[Result "0-1"]
[WhiteElo "2340"]
[BlackElo "2151"]
[PlyCount "74"]
[EventDate "2023.07.25"]
[EventType "swiss (blitz)"]
[EventRounds "11"]
[EventCountry "USA"]
[SourceTitle "EXT 2024"]
[Source "ChessBase"]
[SourceDate "2023.10.10"]
[SourceVersion "1"]
[SourceVersionDate "2023.10.10"]
[SourceQuality "1"]

1. d4 d5 2. Nf3 e6 3. g3 f5 4. Bg2 Nf6 5. 0-0 Bd6 6. c4 c6 7. Bf4 0-0 8. Bxd6 Qxd6 9. Nc3 b6 10. Rc1 Ne4 11. cxd5 exd5 12. e3 Nd7 13. Ne2 Ba6 14. Re1 Bxe2 15. Qxe2 Rac8 16. Nd2 c5 17. dxc5 bxc5 18. b3 Ne5 19. Red1 Qe6 20. Nf3 Ng4 21. Rf1 Rfd8 22. h3 Ne5 23. Rfd1 h6 24. Ne1 c4 25. bxc4 dxc4 26. Nc2 Nd3 27. Nd4 Nxc1 28. Rxc1 Nxg3 29. Qd1 Qe5 30. Rc2 Ne4 31. Qc1 Rxd4 32. exd4 Qxd4 33. Bf1 c3 34. Qf4 Rc5 35. h4 Qd1 36. Rc1 Qd2 37. Qb8+ Kh7 0-1

[Event "Titled Tuesday intern op 10th Jan Late"]
[Site "Chess.com INT"]
[Date "2023.01.10"]
[Round "9"]
[White "Arenas Vanegas, David"]
[Black "Suvorov, Alexander David"]
[Result "0-1"]
[WhiteElo "2425"]
[BlackElo "2338"]
[PlyCount "80"]
[EventDate "2023.01.10"]
[EventType "swiss (blitz)"]
[EventRounds "11"]
[EventCountry "USA"]
[SourceTitle "EXT 2024"]
[Source "ChessBase"]
[SourceDate "2023.10.10"]
[SourceVersion "1"]
[SourceVersionDate "2023.10.10"]
[SourceQuality "1"]

1. e4 c5 2. Nf3 e6 3. d4 cxd4 4. Nxd4 a6 5. Bd3 Qc7 6. 0-0 b5 7. a4 bxa4 8. Rxa4 Nf6 9. Nc3 Be7 10. Qe2 d6 11. Be3 0-0 12. Rfa1 Bb7 13. Nb3 Nc6 14. Bxa6 Rab8 15. Bd3 Ne5 16. f3 Rfc8 17. Ra7 Nc6 18. R7a2 Nb4 19. Ra4 d5 20. Nb5 Qd8 21. e5 Nd7 22. f4 Nxd3 23. Qxd3 Bc6 24. N3d4 Nc5 25. Nxc6 Rxc6 26. Bxc5 Bxc5+ 27. Kh1 Rcb6 28. Nd4 Rxb2 29. g3 Qb6 30. Nb3 Bf2 31. Kg2 Be3 32. Ra6 Qb7 33. Kh3 d4 34. Nxd4 Bxd4 35. Qxd4 Rxc2 36. Ra7 Qg2+ 37. Kg4 Qe2+ 38. Kh4 Qxh2+ 39. Kg4 h5+ 40. Kg5 Qxg3+ 0-1

[Event "Titled Tuesday intern op 10th Jan Late"]
[Site "Chess.com INT"]
[Date "2023.01.10"]
[Round "5"]
[White "Suvorov, Alexander David"]
[Black "Colivet Gamboa, Julio Cesar"]
[Result "1-0"]
[WhiteElo "2338"]
[BlackElo "1844"]
[PlyCount "81"]
[EventDate "2023.01.10"]
[EventType "swiss (blitz)"]
[EventRounds "11"]
[EventCountry "USA"]
[SourceTitle "EXT 2024"]
[Source "ChessBase"]
[SourceDate "2023.10.10"]
[SourceVersion "1"]
[SourceVersionDate "2023.10.10"]
[SourceQuality "1"]

1. Nf3 c5 2. e4 Nc6 3. Bb5 g6 4. Bxc6 dxc6 5. d3 Bg7 6. 0-0 e5 7. h3 Ne7 8. b3 0-0 9. Bb2 Qc7 10. Nbd2 Be6 11. Re1 h6 12. a4 Rad8 13. a5 f5 14. exf5 Nxf5 15. Bxe5 Bxe5 16. Nxe5 Rf6 17. Ng4 Rdf8 18. Nxf6+ Rxf6 19. Ne4 Rf8 20. Nxc5 Bd5 21. Ne6 Bxe6 22. Rxe6 Kg7 23. Qe2 Qf4 24. Qe5+ Qxe5 25. Rxe5 Nd4 26. Re7+ Rf7 27. Rxf7+ Kxf7 28. Ra2 Nb5 29. c4 Nd4 30. b4 Ke6 31. f3 Nf5 32. Kf2 Kd6 33. f4 Nd4 34. g4 Ne6 35. Ke3 g5 36. f5 Nf4 37. Rh2 c5 38. bxc5+ Kxc5 39. h4 Kb4 40. hxg5 hxg5 41. f6 1-0

[Event "Titled Tuesday intern op 10th Jan Late"]
[Site "Chess.com INT"]
[Date "2023.01.10"]
[Round "8"]
[White "Suvorov, Alexander David"]
[Black "Tanenbaum, Zachary Chen"]
[Result "0-1"]
[WhiteElo "2338"]
[BlackElo "2244"]
[PlyCount "104"]
[EventDate "2023.01.10"]
[EventType "swiss (blitz)"]
[EventRounds "11"]
[EventCountry "USA"]
[SourceTitle "EXT 2024"]
[Source "ChessBase"]
[SourceDate "2023.10.10"]
[SourceVersion "1"]
[SourceVersionDate "2023.10.10"]
[SourceQuality "1"]

1. c4 e5 2. Nc3 Nc6 3. Nf3 Nf6 4. d3 Bb4 5. Bd2 d5 6. cxd5 Nxd5 7. g3 0-0 8. Bg2 Nxc3 9. Bxc3 Bxc3+ 10. bxc3 Re8 11. 0-0 Bf5 12. Nd2 Qd7 13. Rb1 Rab8 14. Qa4 Nd4 15. Qd1 Nxe2+ 16. Qxe2 Bxd3 17. Qe3 Bxf1 18. Nxf1 b6 19. Qe4 Rbd8 20. h4 c5 21. Ne3 Qd3 22. Qxd3 Rxd3 23. c4 Rd2 24. Ra1 e4 25. a4 g6 26. g4 Red8 27. Bxe4 R8d4 28. Bd5 Rf4 29. Rf1 Ra2 30. Bc6 h5 31. gxh5 gxh5 32. Kg2 Rxh4 33. Kg3 Rd4 34. Rh1 Rd6 35. Bd5 Rg6+ 36. Kf3 Rf6+ 37. Ke4 Rfxf2 38. Rxh5 Rxa4 39. Nf5 Raa2 40. Ke5 Rae2+ 41. Kd6 a5 42. Rg5+ Kf8 43. Rh5 Rh2 44. Rg5 a4 45. Rg7 Rh6+ 46. Kd7 Rf6 47. Rg5 Re5 48. Rg1 Rfxf5 49. Ra1 Re7+ 50. Kd6 Ra7 51. Kc6 Rf6+ 52. Kb5 Ra5# 0-1

[Event "Titled Tuesday intern op 03rd Jan Late"]
[Site "Chess.com INT"]
[Date "2023.01.03"]
[Round "3"]
[White "Suvorov, Alexander David"]
[Black "Zierk, Steven C"]
[Result "0-1"]
[WhiteElo "2338"]
[BlackElo "2488"]
[PlyCount "102"]
[EventDate "2023.01.03"]
[EventType "swiss (blitz)"]
[EventRounds "11"]
[EventCountry "USA"]
[SourceTitle "EXT 2024"]
[Source "ChessBase"]
[SourceDate "2023.10.10"]
[SourceVersion "1"]
[SourceVersionDate "2023.10.10"]
[SourceQuality "1"]

1. Nf3 e6 2. c4 f5 3. g3 Nf6 4. Bg2 d5 5. 0-0 Bd6 6. b3 0-0 7. Bb2 c6 8. d4 Qe7 9. Ne5 a5 10. Nd2 b6 11. Rc1 Bb7 12. Ndf3 Ne4 13. Nd3 Nd7 14. e3 g5 15. Nfe5 g4 16. cxd5 cxd5 17. Nxd7 Qxd7 18. Ne5 Qb5 19. f3 gxf3 20. Bxf3 Rac8 21. Rxc8 Bxc8 22. g4 Ba6 23. Bg2 Qe8 24. Rf3 Ng5 25. Rf2 Bxe5 26. dxe5 Qg6 27. h4 Ne4 28. Bxe4 dxe4 29. Rg2 f4 30. exf4 Rxf4 31. Bc1 Rf1+ 32. Qxf1 Bxf1 33. Kxf1 Qg7 34. Bf4 Qc7 35. Rf2 h5 36. gxh5 Qc3 37. Kg2 b5 38. Bh6 Qxe5 39. Bg5 b4 40. h6 Qd5 41. Kg3 Qd3+ 42. Kg4 e3 43. Rf3 Qe4+ 44. Rf4 Qg2+ 45. Kh5 Qe2+ 46. Kg6 Qc2+ 47. Kf6 e2 48. Ke7 Qc5+ 49. Ke8 e1Q 50. Rf7 Qc8+ 51. Ke7 Qc7+ 0-1

[Event "NED-chT 2223"]
[Site "Netherlands"]
[Date "2022.11.05"]
[Round "3.6"]
[White "Van Roon, Sjoerd"]
[Black "Suvorov, Alexander David"]
[Result "0-1"]
[WhiteElo "2309"]
[BlackElo "2343"]
[PlyCount "74"]
[EventDate "2022.09.17"]
[EventType "team-tourn"]
[EventRounds "9"]
[EventCountry "NED"]
[SourceTitle "CBM 213 Extra"]
[Source "ChessBase"]
[SourceDate "2023.05.31"]
[SourceVersion "1"]
[SourceVersionDate "2023.05.31"]
[SourceQuality "1"]
[WhiteTeam "De Stukkenjagers"]
[BlackTeam "Zuid Limburg"]
[WhiteTeamCountry "NED"]
[BlackTeamCountry "NED"]

1. e4 c5 2. Nf3 d6 3. Bb5+ Nd7 4. d4 cxd4 5. Qxd4 a6 6. Bxd7+ Bxd7 7. Nc3 e5 8. Qd3 Rc8 9. Bg5 Qa5 10. 0-0-0 h6 11. Bh4 g5 12. Bg3 Nf6 13. h4 g4 14. Nd2 b5 15. h5 Be6 16. a3 Nd7 17. Nd5 Bxd5 18. exd5 Be7 19. Qf5 b4 20. Ne4 bxa3 21. bxa3 Qxa3+ 22. Kd2 Qa5+ 23. c3 Qxd5+ 24. Ke1 Qc6 25. Kf1 Kf8 26. Kg1 Rg8 27. c4 Rg7 28. Bh4 f6 29. Bxf6 Nxf6 30. Nxf6 Rf7 31. Nh7+ Ke8 32. Qg6 Qxc4 33. Qxh6 Qc2 34. Qg6 Qxd1+ 35. Kh2 Qd4 36. Rf1 Qf4+ 37. g3 Qf5 0-1

[Event "NED-chT 2223"]
[Site "Netherlands"]
[Date "2022.10.08"]
[Round "2.3"]
[White "Suvorov, Alexander David"]
[Black "Leenhouts, Koen"]
[Result "1/2-1/2"]
[WhiteElo "2343"]
[BlackElo "2437"]
[PlyCount "140"]
[EventDate "2022.09.17"]
[EventType "team-tourn"]
[EventRounds "9"]
[EventCountry "NED"]
[SourceTitle "CBM 213 Extra"]
[Source "ChessBase"]
[SourceDate "2023.05.31"]
[SourceVersion "1"]
[SourceVersionDate "2023.05.31"]
[SourceQuality "1"]
[WhiteTeam "Zuid Limburg"]
[BlackTeam "Sas van Gent"]
[WhiteTeamCountry "NED"]
[BlackTeamCountry "NED"]

1. d4 Nf6 2. c4 g6 3. g3 c6 4. Bg2 d5 5. Nf3 Bg7 6. 0-0 0-0 7. Ne5 Ng4 8. cxd5 cxd5 9. Nxg4 Bxg4 10. Nc3 Nc6 11. h3 Bd7 12. e3 e6 13. Bd2 Ne7 14. Ne2 Qb6 15. b3 Rfc8 16. Nf4 Nf5 17. Re1 Nd6 18. Nd3 Ne4 19. Bb4 a5 20. Ba3 a4 21. Nc5 Bc6 22. Nxe4 dxe4 23. Bc5 Qa5 24. Rc1 Bd5 25. bxa4 Qxa4 26. Qxa4 Rxa4 27. a3 Bf8 28. Bxf8 Rxf8 29. Rc3 Rfa8 30. Ra1 b5 31. Rb1 Rc4 32. Rcb3 Rc2 33. Rxb5 Rxa3 34. R5b2 Rxb2 35. Rxb2 Ra1+ 36. Kh2 h5 37. h4 Kg7 38. Rc2 f5 39. Rc7+ Kf6 40. Rc2 Rb1 41. Rc7 Rd1 42. Rc5 Bb7 43. Ra5 Bc6 44. Rc5 Bd5 45. Rc7 Ba2 46. Rc2 Bb3 47. Rc3 Ba4 48. Rc5 Rb1 49. Ra5 Bb5 50. Ra2 Bd3 51. Rd2 Re1 52. Rb2 Be2 53. Rb6 Rd1 54. Rb2 Bf3 55. Rb7 Rc1 56. Ra7 Rc6 57. Ra1 Rb6 58. Rc1 g5 59. Rc8 Rb2 60. Kg1 gxh4 61. gxh4 Be2 62. Rc6 Ke7 63. Kh2 Rb8 64. Rc7+ Kf6 65. Rc6 Bb5 66. Rc5 Bd3 67. Rc6 Bb5 68. Rc5 Be2 69. Rc6 Rd8 70. Rb6 Rd7 1/2-1/2

[Event "GER-chT U20"]
[Site "Kiel"]
[Date "2022.07.25"]
[Round "6.3"]
[White "Suvorov, Alexander David"]
[Black "Goldbeck, Lars"]
[Result "1/2-1/2"]
[WhiteElo "2371"]
[BlackElo "2228"]
[PlyCount "66"]
[EventDate "2022.07.22"]
[EventType "team-swiss"]
[EventRounds "7"]
[EventCountry "GER"]
[SourceTitle "CBM 209 Extra"]
[Source "ChessBase"]
[SourceDate "2022.09.30"]
[SourceVersion "1"]
[SourceVersionDate "2022.09.30"]
[SourceQuality "1"]
[WhiteTeam "Porz SG"]
[BlackTeam "Regensburg Bavaria"]
[WhiteTeamCountry "GER"]
[BlackTeamCountry "GER"]

1. d4 d5 2. c4 e6 3. Nf3 a6 4. Bg5 Nf6 5. e3 Be7 6. Nc3 h6 7. Bh4 0-0 8. cxd5 exd5 9. Bd3 Nbd7 10. 0-0 Re8 11. Rc1 c6 12. Qc2 Ne4 13. Bxe7 Qxe7 14. Bxe4 dxe4 15. Nd2 Nf6 16. Nc4 Bf5 17. f4 Rad8 18. Qe2 c5 19. dxc5 Qxc5 20. Ne5 Qb6 21. h3 Be6 22. Rfd1 Qc5 23. Nd5 Rxd5 24. Rxc5 Rxc5 25. a3 Rec8 26. Kh2 Bb3 27. Rd2 Nd5 28. Nd7 R5c7 29. Ne5 Rc1 30. Nd7 R8c2 31. f5 Rc7 32. Ne5 Rc8 33. Nd7 R8c7 1/2-1/2

[Event "Titled Tuesday intern op 04th Jan"]
[Site "Chess.com INT"]
[Date "2022.01.04"]
[Round "8"]
[White "Kubatko, Ivan"]
[Black "Suvorov, Alexander David"]
[Result "0-1"]
[WhiteElo "2257"]
[BlackElo "2350"]
[PlyCount "84"]
[EventDate "2022.01.04"]
[EventType "swiss (blitz)"]
[EventRounds "11"]
[EventCountry "USA"]
[SourceTitle "EXT 2023"]
[Source "ChessBase"]
[SourceDate "2022.10.05"]
[SourceVersion "1"]
[SourceVersionDate "2022.10.05"]
[SourceQuality "1"]

1. e4 c5 2. Nc3 e6 3. f4 d5 4. Bb5+ Bd7 5. Bxd7+ Qxd7 6. d3 d4 7. Nb1 Nc6 8. a4 f5 9. Nf3 Nf6 10. Qe2 fxe4 11. dxe4 Be7 12. Na3 0-0 13. Nc4 Rad8 14. Nfe5 Nxe5 15. Nxe5 Qe8 16. 0-0 Nd7 17. Nf3 Qg6 18. Bd2 Bd6 19. e5 Be7 20. Qc4 Nb6 21. Qd3 c4 22. Qxg6 hxg6 23. g3 d3 24. cxd3 Rxd3 25. Bc3 Nd5 26. Rac1 Bc5+ 27. Kg2 Ne3+ 28. Kh3 Nxf1 29. Rxf1 Kf7 30. Ng5+ Ke7 31. Ne4 b6 32. a5 Rh8+ 33. Kg4 Rxh2 34. axb6 axb6 35. Ra1 Rd7 36. Ra8 Re2 37. Ng5 b5 38. Rg8 b4 39. Rxg7+ Ke8 40. Rg8+ Ke7 41. Rg7+ Ke8 42. Rxd7 Kxd7 0-1